| 000 | 00000nam 2200000za 4500 |
| 001 | 9.536378 |
| 003 | CaOODSP |
| 005 | 20210615084331 |
| 007 | ta |
| 008 | 150406s2002||||xxc||||| f|0| 0 eng d |
| 020 | |a0-662-66312-8 |
| 040 | |aCaOODSP|beng |
| 041 | |aeng |
| 041 | |afre |
| 043 | |an-cn--- |
| 086 | 1 |aH13-6/2002-9 |
| 110 | 1 |aCanada.|bHealth Canada. |bHealth Policy and Communications Branch. |
| 245 | 10|aChildren's health / |cby Karen Kidder and Claude C. Roy. |
| 260 | |aOttawa - Ontario : |bHealth Canada. |c2002. |
| 300 | |aEnglish text, 25p. : |breferences, tables ; |c28 cm. |
| 490 | 1 |aSynthesis series |
| 563 | |aSoftcover |
| 590 | |a02-38|b2002-09-20 |
| 690 | 07|aChildren|2gcpds |
| 690 | 07|aHealth|2gcpds |
| 690 | 07|aHealth care system|2gcpds |
| 720 | 1 |aKidder, Karen |
| 720 | 1 |aRoy, Claude R. |
| 776 | 0#|tChildren's health / |w(CaOODSP)9.572941 |
| 776 | 0#|tLa santé des enfants / |w(CaOODSP)9.603186 |
| 792 | |tLa santé des enfants / |efre|w(CaOODSP)9.536379 |
| 830 | #0|aSynthesis series.|w(CaOODSP)9.509388 |